000 00639nam a2200229Ia 4500
003 OSt
005 20221007063405.0
006 a|||||r|||| 00| 0
007 ta
008 221006b |||||||| |||| 00| 0 eng d
024 _a28,336
037 _cReports / Technical Reports
040 _aFLL
_cFLL
_beng
041 _2eng
_aeng
082 _aZ73:8:(x4), H2
100 _aWarren George
_9684155
245 0 _aTraffic courts
260 _aBoston
_bLittle, Brown And Company
_c1944
300 _axxvii,280p
_ccm.
942 _hZ73:8:(x4), H2
_cREP
_2CC
999 _c1131124
_d1131124